[Event "Titled Tuesday intern op 21st Dec"]
[Site "Chess.com INT"]
[Date "2021.12.21"]
[Round "6"]
[White "Buscar, Michael"]
[Black "Romanchuk, Viktor"]
[Result "1/2-1/2"]
[WhiteElo "2088"]
[BlackElo "2266"]
[PlyCount "84"]
[EventDate "2021.12.21"]
[EventType "swiss (blitz)"]
[EventRounds "11"]
[EventCountry "USA"]
[SourceTitle "CBM 205 Extra"]
[Source "ChessBase"]
[SourceDate "2022.01.31"]
[SourceVersion "1"]
[SourceVersionDate "2022.01.31"]
[SourceQuality "1"]

1. Nf3 d5 2. c4 c6 3. e3 Nf6 4. b3 e6 5. Bb2 Nbd7 6. cxd5 exd5 7. Be2 Bd6 8. O-O Qe7 9. d3 O-O 10. Nbd2 Ba3 11. Bxa3 Qxa3 12. Qc1 Qe7 13. Re1 a5 14. a3 Re8 15. Qb2 Ne5 16. Nd4 Bg4 17. Nf1 Bxe2 18. Qxe2 g6 19. Nf3 Kg7 20. Nxe5 Qxe5 21. d4 Qd6 22. Nd2 Re6 23. Qd3 Ne4 24. Nxe4 Rxe4 25. Qc3 f5 26. b4 axb4 27. axb4 Rae8 28. Ra7 R8e7 29. Rb1 f4 30. exf4 Qxf4 31. b5 Qf6 32. bxc6 bxc6 33. Rxe7+ Rxe7 34. g3 h5 35. h4 Rf7 36. Rb2 Re7 37. Rc2 Rc7 38. Kg2 Rf7 39. Qe3 Re7 40. Qc3 Rf7 41. Qe3 Re7 42. Qc3 Rf7 1/2-1/2

[Event "Titled Tuesday intern op 21st Dec"]
[Site "Chess.com INT"]
[Date "2021.12.21"]
[Round "6"]
[White "Castillo Sevilla, Ian Eiffel"]
[Black "Yavuz, Efe Metehan"]
[Result "0-1"]
[WhiteElo "2032"]
[BlackElo "2025"]
[PlyCount "84"]
[EventDate "2021.12.21"]
[EventType "swiss (blitz)"]
[EventRounds "11"]
[EventCountry "USA"]
[SourceTitle "CBM 205 Extra"]
[Source "ChessBase"]
[SourceDate "2022.01.31"]
[SourceVersion "1"]
[SourceVersionDate "2022.01.31"]
[SourceQuality "1"]

1. d4 Nf6 2. Nf3 c5 3. d5 d6 4. c4 g6 5. b3 Bg7 6. Bb2 O-O 7. Nbd2 e5 8. dxe6 Bxe6 9. e3 d5 10. cxd5 Nxd5 11. Bxg7 Kxg7 12. Bc4 Nc7 13. O-O Nc6 14. Qc2 b6 15. Rad1 Qe7 16. Ne4 Bf5 17. Qb2+ f6 18. Nd6 Bg4 19. Be2 Ne5 20. Nxe5 Bxe2 21. Qxe2 fxe5 22. Qg4 Rad8 23. Ne4 Qf7 24. h4 Qe6 25. Qg3 Rxd1 26. Rxd1 Qf5 27. Ng5 h6 28. Nf3 Re8 29. Rd6 Re7 30. Nd2 b5 31. h5 Qxh5 32. Ne4 Qf5 33. Nxc5 Qb1+ 34. Kh2 Ne8 35. e4 Nxd6 36. Qh4 g5 37. Qh3 Nxe4 38. Qf5 Rf7 39. Qxe5+ Nf6 40. Ne6+ Kg6 41. Qd6 Qf5 42. Nd4 Qf4+ 0-1

[Event "Titled Tuesday intern op 21st Dec"]
[Site "Chess.com INT"]
[Date "2021.12.21"]
[Round "6"]
[White "Chandratreya, Prachiti"]
[Black "Martic, Ivan"]
[Result "0-1"]
[WhiteElo "1998"]
[BlackElo "2287"]
[PlyCount "36"]
[EventDate "2021.12.21"]
[EventType "swiss (blitz)"]
[EventRounds "11"]
[EventCountry "USA"]
[SourceTitle "CBM 205 Extra"]
[Source "ChessBase"]
[SourceDate "2022.01.31"]
[SourceVersion "1"]
[SourceVersionDate "2022.01.31"]
[SourceQuality "1"]

1. e4 c5 2. c3 d5 3. exd5 Qxd5 4. d4 Nf6 5. Nf3 e6 6. Be2 Nc6 7. O-O cxd4 8. cxd4 Bb4 9. Nc3 Bxc3 10. bxc3 O-O 11. Ba3 Rd8 12. Qb3 b6 13. Nd2 Bb7 14. Bf3 Qd7 15. Nc4 Rab8 16. Rfe1 b5 17. Qxb5 Nxd4 18. cxd4 Qxb5 0-1

[Event "Titled Tuesday intern op 21st Dec"]
[Site "Chess.com INT"]
[Date "2021.12.21"]
[Round "6"]
[White "Derraugh, Geordie"]
[Black "Pinheiro, Iung Alicio"]
[Result "1/2-1/2"]
[WhiteElo "2209"]
[BlackElo "2320"]
[PlyCount "141"]
[EventDate "2021.12.21"]
[EventType "swiss (blitz)"]
[EventRounds "11"]
[EventCountry "USA"]
[SourceTitle "CBM 205 Extra"]
[Source "ChessBase"]
[SourceDate "2022.01.31"]
[SourceVersion "1"]
[SourceVersionDate "2022.01.31"]
[SourceQuality "1"]

1. e4 d6 2. d4 Nf6 3. Nc3 g6 4. Be3 a6 5. a4 Nc6 6. h3 Bg7 7. f4 Nb4 8. a5 Bd7 9. Nf3 Rc8 10. Bc4 O-O 11. e5 Ne8 12. O-O Bf5 13. Bb3 c5 14. dxc5 dxe5 15. Qxd8 Rxd8 16. Nxe5 Bxc2 17. Bc4 Nc7 18. Rf2 Bf5 19. g4 Be6 20. Bxe6 Nxe6 21. Ra4 Nd3 22. Nxd3 Rxd3 23. Re2 Rfd8 24. Rb4 Rxe3 25. Rxe3 Bd4 26. Kf2 Nxf4 27. Rxb7 Bxc5 28. Kf3 Bxe3 29. Kxe3 Nd5+ 30. Nxd5 Rxd5 31. b4 e5 32. Rb6 Rd4 33. g5 Kg7 34. b5 axb5 35. Rxb5 Rh4 36. Rxe5 Rxh3+ 37. Kd4 Ra3 38. Kc4 h6 39. Kb4 Ra1 40. gxh6+ Kxh6 41. Re3 f5 42. Rh3+ Kg7 43. Ra3 Rxa3 44. Kxa3 f4 45. a6 f3 46. a7 f2 47. a8=Q f1=Q 48. Qb7+ Qf7 49. Qb2+ Qf6 50. Qb7+ Kh6 51. Qh1+ Kg5 52. Qg2+ Kf5 53. Qf3+ Ke6 54. Qc6+ Kf7 55. Qd5+ Qe6 56. Qf3+ Kg7 57. Qc3+ Kh6 58. Qd2+ g5 59. Qh2+ Kg6 60. Qc2+ Qf5 61. Qc6+ Kh5 62. Qh1+ Kg4 63. Qg2+ Kf4 64. Qf2+ Ke5 65. Qc5+ Kf6 66. Qf8+ Ke6 67. Qc8+ Ke5 68. Qc5+ Kf4 69. Qf2+ Ke4 70. Qc2+ Ke5 71. Qc5+ 1/2-1/2

[Event "Titled Tuesday intern op 21st Dec"]
[Site "Chess.com INT"]
[Date "2021.12.21"]
[Round "6"]
[White "Dubov, Daniil"]
[Black "Savchenko, Boris"]
[Result "0-1"]
[WhiteElo "2720"]
[BlackElo "2535"]
[PlyCount "72"]
[EventDate "2021.12.21"]
[EventType "swiss (blitz)"]
[EventRounds "11"]
[EventCountry "USA"]
[SourceTitle "CBM 205 Extra"]
[Source "ChessBase"]
[SourceDate "2022.01.31"]
[SourceVersion "1"]
[SourceVersionDate "2022.01.31"]
[SourceQuality "1"]

1. d4 Nf6 2. Nf3 e6 3. c4 b6 4. g3 Bb4+ 5. Nbd2 c5 6. Bg2 Bb7 7. d5 exd5 8. Nh4 Ne4 9. O-O Bxd2 10. Bxd2 dxc4 11. Nf5 Qf6 12. g4 Qxb2 13. Bxe4 Bxe4 14. Nd6+ Ke7 15. Nxe4 Qe5 16. Ng3 d5 17. Bf4 Qxf4 18. Qxd5 Na6 19. Nf5+ Kf6 20. Qc6+ Kg5 21. h4+ Kxg4 22. f3+ Kxf5 23. e4+ Ke5 24. Rad1 Rad8 25. Kg2 Rd2+ 26. Rxd2 Qxd2+ 27. Kg3 Qd6 28. f4+ Ke6 29. Qb7 Nc7 30. e5 Qd3+ 31. Rf3 Qd7 32. f5+ Kxe5 33. f6 gxf6 34. Re3+ Kd6 35. Re1 Rg8+ 36. Kh2 Nd5 0-1

[Event "Titled Tuesday intern op 21st Dec"]
[Site "Chess.com INT"]
[Date "2021.12.21"]
[Round "6"]
[White "Elgersma, Onno"]
[Black "Shyam, Nikil P"]
[Result "1-0"]
[WhiteElo "2282"]
[BlackElo "2442"]
[PlyCount "89"]
[EventDate "2021.12.21"]
[EventType "swiss (blitz)"]
[EventRounds "11"]
[EventCountry "USA"]
[SourceTitle "CBM 205 Extra"]
[Source "ChessBase"]
[SourceDate "2022.01.31"]
[SourceVersion "1"]
[SourceVersionDate "2022.01.31"]
[SourceQuality "1"]

1. c4 e6 2. Nc3 d5 3. d4 Be7 4. Nf3 Nf6 5. g3 O-O 6. Bg2 dxc4 7. Ne5 Nc6 8. Bxc6 bxc6 9. Nxc6 Qe8 10. Nxe7+ Qxe7 11. O-O c5 12. dxc5 Qxc5 13. Be3 Qh5 14. f3 e5 15. Qd6 Bh3 16. Rfd1 e4 17. Qf4 exf3 18. exf3 Be6 19. Rd6 Rfd8 20. Rad1 Rxd6 21. Rxd6 Qg6 22. Rd2 h6 23. Kg2 a6 24. Qe5 Re8 25. Qd4 Qf5 26. g4 Qg6 27. Bf2 h5 28. h3 hxg4 29. hxg4 Bxg4 30. fxg4 Nxg4 31. Bg3 Ne3+ 32. Kf2 Ng4+ 33. Kg2 Ne3+ 34. Kf2 Qf5+ 35. Qf4 Qh3 36. Kg1 Nf5 37. Bf2 Re6 38. Ne4 Rg6+ 39. Ng5 Rxg5+ 40. Qxg5 Kh7 41. Rd5 g6 42. Rd7 Kg7 43. Bd4+ Nxd4 44. Rxd4 Qe6 45. Qg3 1-0

[Event "Titled Tuesday intern op 21st Dec"]
[Site "Chess.com INT"]
[Date "2021.12.21"]
[Round "6"]
[White "Estrada Nieto, Julian"]
[Black "Baldauf, Marco"]
[Result "0-1"]
[WhiteElo "2253"]
[BlackElo "2522"]
[PlyCount "92"]
[EventDate "2021.12.21"]
[EventType "swiss (blitz)"]
[EventRounds "11"]
[EventCountry "USA"]
[SourceTitle "CBM 205 Extra"]
[Source "ChessBase"]
[SourceDate "2022.01.31"]
[SourceVersion "1"]
[SourceVersionDate "2022.01.31"]
[SourceQuality "1"]

1. e4 c5 2. Nf3 d6 3. d4 cxd4 4. Qxd4 Nf6 5. Nc3 Nc6 6. Bb5 Bd7 7. Bxc6 Bxc6 8. Bg5 e6 9. O-O-O Be7 10. Rhe1 Qc7 11. Kb1 O-O 12. Qd2 b5 13. Nd4 Rab8 14. f3 b4 15. Nce2 Rfc8 16. g4 a5 17. Ng3 a4 18. Rc1 Be8 19. Nh5 Nxh5 20. gxh5 a3 21. Bxe7 axb2 22. Kxb2 Qxe7 23. Rg1 Qf6 24. f4 Rc4 25. Rcd1 h6 26. Kb1 Rbc8 27. Rge1 R8c5 28. Nb3 Rxc2 29. e5 Rxd2 30. exf6 Rxd1+ 31. Rxd1 Rxh5 32. Rxd6 gxf6 33. Rd8 Kf8 34. Rb8 Rxh2 35. Nc5 h5 36. Nd7+ Ke7 37. Nxf6 Kxf6 38. Rxe8 Rf2 39. Rh8 Rxf4 40. Rxh5 Kg6 41. Rb5 f5 42. Kb2 Re4 43. Rb6 Kf6 44. Kb3 f4 45. Rb8 e5 46. Rf8+ Kg5 0-1

[Event "Titled Tuesday intern op 21st Dec"]
[Site "Chess.com INT"]
[Date "2021.12.21"]
[Round "6"]
[White "Eynullayev, Altay Elshan"]
[Black "Tasev, Dejan"]
[Result "1-0"]
[WhiteElo "2223"]
[BlackElo "2272"]
[PlyCount "85"]
[EventDate "2021.12.21"]
[EventType "swiss (blitz)"]
[EventRounds "11"]
[EventCountry "USA"]
[SourceTitle "CBM 205 Extra"]
[Source "ChessBase"]
[SourceDate "2022.01.31"]
[SourceVersion "1"]
[SourceVersionDate "2022.01.31"]
[SourceQuality "1"]

1. e4 c6 2. d4 d5 3. e5 Bf5 4. Nf3 e6 5. Be2 Ne7 6. O-O h6 7. Nbd2 Nd7 8. Nb3 g5 9. Ne1 Bg7 10. f4 g4 11. Bxg4 Bxg4 12. Qxg4 Nf5 13. Qf3 h5 14. c3 Qc7 15. Nc2 O-O-O 16. Ne3 Nxe3 17. Bxe3 f5 18. exf6 Bxf6 19. Rae1 Rde8 20. Qh3 b6 21. Nc1 Qd6 22. Nd3 Kb7 23. Ne5 Rh7 24. Bf2 Bxe5 25. fxe5 Qc7 26. Bh4 c5 27. Qd3 Rg7 28. Rf4 Reg8 29. g3 cxd4 30. cxd4 Qc4 31. Qf3 Rg4 32. Rf7 Qxd4+ 33. Kh1 R4g7 34. Qxh5 Ka6 35. Qe2+ b5 36. Rf6 Nxf6 37. exf6 Rc7 38. Qxe6+ Ka5 39. Qxg8 Rc2 40. Qd8+ Ka4 41. Qd6 Ka5 42. Qf4 Qd3 43. f7 1-0

[Event "Titled Tuesday intern op 21st Dec"]
[Site "Chess.com INT"]
[Date "2021.12.21"]
[Round "6"]
[White "Faizrakhmanov, Ramil"]
[Black "Lauridsen, Jesper Morck"]
[Result "1-0"]
[WhiteElo "2480"]
[BlackElo "2215"]
[PlyCount "105"]
[EventDate "2021.12.21"]
[EventType "swiss (blitz)"]
[EventRounds "11"]
[EventCountry "USA"]
[SourceTitle "CBM 205 Extra"]
[Source "ChessBase"]
[SourceDate "2022.01.31"]
[SourceVersion "1"]
[SourceVersionDate "2022.01.31"]
[SourceQuality "1"]

1. e4 c5 2. Nf3 d6 3. d4 cxd4 4. Nxd4 Nf6 5. Nc3 g6 6. Be3 Bg7 7. f3 O-O 8. Qd2 Nc6 9. O-O-O Bd7 10. h4 h5 11. g4 Rc8 12. Nb3 Ne5 13. Be2 a5 14. a3 hxg4 15. h5 gxf3 16. h6 fxe2 17. Qxe2 Bg4 18. Qh2 Bh5 19. hxg7 Kxg7 20. Qf4 Rh8 21. Rdg1 Rxc3 22. bxc3 Qc8 23. Bd2 Nc4 24. Nd4 Nxd2 25. Qxd2 Nxe4 26. Qf4 Nxc3 27. Nf5+ Kf8 28. Qe3 Na2+ 29. Kb2 Qxf5 30. Rg5 Qf6+ 31. Kxa2 Qe6+ 32. Qxe6 fxe6 33. Rxg6 Bxg6 34. Rxh8+ Kg7 35. Rb8 Bxc2 36. Rxb7 Kf6 37. Kb2 Be4 38. Ra7 d5 39. Rxa5 d4 40. Rb5 Bd5 41. a4 Ke5 42. a5 Ke4 43. a6 Bc4 44. Rb6 e5 45. a7 Bd5 46. Rb5 Bc6 47. Rc5 Ba8 48. Rc8 Bb7 49. Rc7 Bd5 50. Rxe7 d3 51. Kc3 d2 52. Kxd2 Kd4 53. Rd7 1-0

[Event "Titled Tuesday intern op 21st Dec"]
[Site "Chess.com INT"]
[Date "2021.12.21"]
[Round "6"]
[White "Findlay, Ian T"]
[Black "Gurevich, Dmitry"]
[Result "0-1"]
[WhiteElo "2156"]
[BlackElo "2358"]
[PlyCount "96"]
[EventDate "2021.12.21"]
[EventType "swiss (blitz)"]
[EventRounds "11"]
[EventCountry "USA"]
[SourceTitle "CBM 205 Extra"]
[Source "ChessBase"]
[SourceDate "2022.01.31"]
[SourceVersion "1"]
[SourceVersionDate "2022.01.31"]
[SourceQuality "1"]

1. e4 c5 2. Nf3 d6 3. d4 cxd4 4. Nxd4 Nf6 5. Nc3 Nc6 6. Bg5 g6 7. Bxf6 exf6 8. Qd2 Bg7 9. O-O-O O-O 10. h4 Nxd4 11. Qxd4 f5 12. Qd3 fxe4 13. Nxe4 Bf5 14. f3 Rc8 15. g4 Bxe4 16. fxe4 Qf6 17. Qb3 Rc6 18. c3 Rfc8 19. Kb1 Rb6 20. g5 Qf3 21. Bb5 a6 22. Rhf1 Qxe4+ 23. Bd3 Rxb3 24. Bxe4 Rb6 25. Ka1 Be5 26. Bd5 Rc7 27. Rf3 Rb5 28. Bb3 Kg7 29. Rdf1 d5 30. Rd3 Rcc5 31. Rfd1 a5 32. Rxd5 Rxd5 33. Rxd5 Rxd5 34. Bxd5 b6 35. Bf3 Bg3 36. h5 Bf4 37. hxg6 hxg6 38. Kb1 Bxg5 39. Kc2 f5 40. b4 Bd8 41. a3 Kf6 42. Kd3 Ke5 43. c4 g5 44. c5 bxc5 45. bxc5 g4 46. Bb7 f4 47. Bc8 g3 48. Bb7 Be7 0-1

[Event "Titled Tuesday intern op 21st Dec"]
[Site "Chess.com INT"]
[Date "2021.12.21"]
[Round "6"]
[White "Gabrielian, Artur"]
[Black "Martinez Alcantara, Jose Eduardo"]
[Result "0-1"]
[WhiteElo "2464"]
[BlackElo "2615"]
[PlyCount "114"]
[EventDate "2021.12.21"]
[EventType "swiss (blitz)"]
[EventRounds "11"]
[EventCountry "USA"]
[SourceTitle "CBM 205 Extra"]
[Source "ChessBase"]
[SourceDate "2022.01.31"]
[SourceVersion "1"]
[SourceVersionDate "2022.01.31"]
[SourceQuality "1"]

1. e4 c5 2. Nf3 d6 3. d4 cxd4 4. Nxd4 Nf6 5. Nc3 a6 6. h3 e5 7. Nde2 h5 8. Bg5 Be6 9. Bxf6 Qxf6 10. Nd5 Qd8 11. Qd3 Nd7 12. O-O-O g6 13. Kb1 Nc5 14. Qf3 Bg7 15. Nec3 b5 16. a3 O-O 17. g4 hxg4 18. hxg4 Rb8 19. Be2 Re8 20. Qh3 Bxd5 21. Rxd5 Ne6 22. Rdd1 b4 23. axb4 Rxb4 24. Nd5 Rxe4 25. Bxa6 Ng5 26. Qb3 Qa5 27. Bb5 Ra8 28. c3 Qa1+ 29. Kc2 Qa7 30. Ne3 Rf4 31. Rh2 Ne4 32. Bc6 Rb8 33. Qa4 Qxa4+ 34. Bxa4 Nxf2 35. Rxd6 Nxg4 36. Nxg4 Rxa4 37. Nf6+ Bxf6 38. Rxf6 Kg7 39. Rhf2 Rb7 40. b4 Ra2+ 41. Kd3 Rxf2 42. Rxf2 f5 43. Kc4 e4 44. b5 Kf6 45. Kc5 e3 46. Rf1 e2 47. Re1 Re7 48. b6 f4 49. b7 Rxb7 50. Rxe2 g5 51. Kd6 Kf5 52. c4 f3 53. Ra2 g4 54. c5 g3 55. c6 Rb6 56. Kc5 Rxc6+ 57. Kxc6 f2 0-1

[Event "Titled Tuesday intern op 21st Dec"]
[Site "Chess.com INT"]
[Date "2021.12.21"]
[Round "6"]
[White "Girya, Olga"]
[Black "Kejzar, Petra"]
[Result "1-0"]
[WhiteElo "2416"]
[BlackElo "2072"]
[PlyCount "79"]
[EventDate "2021.12.21"]
[EventType "swiss (blitz)"]
[EventRounds "11"]
[EventCountry "USA"]
[SourceTitle "CBM 205 Extra"]
[Source "ChessBase"]
[SourceDate "2022.01.31"]
[SourceVersion "1"]
[SourceVersionDate "2022.01.31"]
[SourceQuality "1"]

1. d4 Nf6 2. Nf3 e6 3. c4 d5 4. Nc3 Bb4 5. cxd5 exd5 6. Qa4+ Nc6 7. Bg5 Be6 8. e3 O-O 9. Bd3 h6 10. Bxf6 Qxf6 11. O-O Rad8 12. a3 Bd6 13. Nb5 Bg4 14. Nxd6 Rxd6 15. Nd2 Qg5 16. Kh1 h5 17. Rac1 h4 18. h3 Bd7 19. Qd1 f5 20. f4 Qg3 21. Qe1 Rg6 22. Qxg3 Rxg3 23. Nf3 Re8 24. Rfe1 Re7 25. Bb5 Kf8 26. Bxc6 Bxc6 27. Rc5 g5 28. fxg5 f4 29. Rc3 Bb5 30. Ne5 Kg7 31. exf4 Rxc3 32. bxc3 Ba4 33. f5 Re8 34. f6+ Kf8 35. g6 Re6 36. f7 Kg7 37. Rf1 Kf8 38. g7+ Kxg7 39. f8=Q+ Kh7 40. Rf7# 1-0

[Event "Titled Tuesday intern op 21st Dec"]
[Site "Chess.com INT"]
[Date "2021.12.21"]
[Round "6"]
[White "Gritsenko, Nikolai"]
[Black "Costachi, Mihnea"]
[Result "0-1"]
[WhiteElo "2309"]
[BlackElo "2463"]
[PlyCount "104"]
[EventDate "2021.12.21"]
[EventType "swiss (blitz)"]
[EventRounds "11"]
[EventCountry "USA"]
[SourceTitle "CBM 205 Extra"]
[Source "ChessBase"]
[SourceDate "2022.01.31"]
[SourceVersion "1"]
[SourceVersionDate "2022.01.31"]
[SourceQuality "1"]

1. b3 d5 2. Bb2 Nc6 3. f4 Bg4 4. Nf3 e6 5. e3 Nf6 6. h3 Bh5 7. Be2 Ne4 8. O-O Ng3 9. Rf2 Be7 10. Nc3 Bf6 11. d4 h6 12. Kh2 Nxe2 13. Nxe2 g5 14. Ng3 Bg6 15. Ne5 gxf4 16. exf4 Nxe5 17. dxe5 Bh4 18. Rf3 Rg8 19. f5 Bxg3+ 20. Rxg3 exf5 21. Qd2 Qd7 22. e6 fxe6 23. Qxh6 Qf7 24. Re1 O-O-O 25. Qf4 Bh7 26. Ree3 Rxg3 27. Rxg3 Rg8 28. Be5 Rxg3 29. Kxg3 Bg6 30. Kh2 Bh5 31. c3 c5 32. b4 c4 33. a4 b6 34. a5 bxa5 35. bxa5 Kb7 36. Qd4 Qd7 37. Qc5 Be8 38. Bd4 Ka6 39. h4 f4 40. Kg1 Bg6 41. Kf2 Be4 42. h5 Bd3 43. h6 Be4 44. Kf1 Qb7 45. Qd6+ Kxa5 46. Qa3+ Kb5 47. Qb4+ Kc6 48. Qa4+ Kd6 49. Qa3+ Kd7 50. Qc1 Qc7 51. Qe1 e5 52. Bf2 Qd6 0-1

[Event "Titled Tuesday intern op 21st Dec"]
[Site "Chess.com INT"]
[Date "2021.12.21"]
[Round "6"]
[White "Grunberg, Mihai Lucian"]
[Black "Shimelkov, Vasiliy"]
[Result "0-1"]
[WhiteElo "2401"]
[BlackElo "2159"]
[PlyCount "52"]
[EventDate "2021.12.21"]
[EventType "swiss (blitz)"]
[EventRounds "11"]
[EventCountry "USA"]
[SourceTitle "CBM 205 Extra"]
[Source "ChessBase"]
[SourceDate "2022.01.31"]
[SourceVersion "1"]
[SourceVersionDate "2022.01.31"]
[SourceQuality "1"]

1. Nf3 d5 2. c4 d4 3. e3 c5 4. b4 cxb4 5. Nxd4 e5 6. Nc2 Nf6 7. Bb2 Bd6 8. Be2 O-O 9. O-O a5 10. d4 Nc6 11. Nd2 a4 12. d5 a3 13. Bc1 Na5 14. Rb1 Qe7 15. Nb3 Nxb3 16. Rxb3 Bd7 17. Bd2 Ba4 18. Rb1 b6 19. Qc1 Nxd5 20. cxd5 Rfc8 21. Bd1 Rc7 22. Rb3 Bxb3 23. axb3 Rac8 24. Qb1 e4 25. Nd4 Qe5 26. Bc2 Qxh2# 0-1

[Event "Titled Tuesday intern op 21st Dec"]
[Site "Chess.com INT"]
[Date "2021.12.21"]
[Round "6"]
[White "Idrisov, Ildar F"]
[Black "Cvetanovic, Uros"]
[Result "0-1"]
[WhiteElo "2282"]
[BlackElo "2248"]
[PlyCount "100"]
[EventDate "2021.12.21"]
[EventType "swiss (blitz)"]
[EventRounds "11"]
[EventCountry "USA"]
[SourceTitle "CBM 205 Extra"]
[Source "ChessBase"]
[SourceDate "2022.01.31"]
[SourceVersion "1"]
[SourceVersionDate "2022.01.31"]
[SourceQuality "1"]

1. Nf3 Nf6 2. b3 e6 3. Bb2 c5 4. c4 Nc6 5. g3 d5 6. cxd5 exd5 7. Bg2 Be7 8. O-O O-O 9. d4 h6 10. Nc3 Be6 11. Na4 c4 12. Nc5 Bc8 13. bxc4 dxc4 14. Ne5 Nxe5 15. dxe5 Qxd1 16. Rfxd1 Bxc5 17. exf6 gxf6 18. Rac1 Be6 19. Bxf6 b5 20. Bxa8 Rxa8 21. Rd8+ Rxd8 22. Bxd8 b4 23. Bf6 a5 24. a3 Kh7 25. Kf1 Kg6 26. axb4 axb4 27. Bb2 Kf5 28. Ke1 Ke4 29. Bg7 h5 30. f3+ Kd5 31. Kd2 Kc6 32. h3 Kb5 33. g4 h4 34. f4 Bf2 35. f5 Bd7 36. Be5 Bg3 37. Bxg3 hxg3 38. h4 c3+ 39. Kd3 Kc5 40. h5 Bb5+ 41. Ke3 Kc4 42. h6 b3 43. h7 b2 44. Rg1 c2 45. h8=Q c1=Q+ 46. Rxc1+ bxc1=Q+ 47. Kf3 Bc6+ 48. Kxg3 Qg1+ 49. Kf4 Qf2+ 50. Kg5 Qe3+ 0-1

[Event "Titled Tuesday intern op 21st Dec"]
[Site "Chess.com INT"]
[Date "2021.12.21"]
[Round "6"]
[White "Iskusnyh, Sergei"]
[Black "Timofeev, Artyom"]
[Result "0-1"]
[WhiteElo "2473"]
[BlackElo "2572"]
[PlyCount "92"]
[EventDate "2021.12.21"]
[EventType "swiss (blitz)"]
[EventRounds "11"]
[EventCountry "USA"]
[SourceTitle "CBM 205 Extra"]
[Source "ChessBase"]
[SourceDate "2022.01.31"]
[SourceVersion "1"]
[SourceVersionDate "2022.01.31"]
[SourceQuality "1"]

1. d4 Nf6 2. c4 b6 3. Nc3 Bb7 4. Nf3 d5 5. cxd5 Nxd5 6. Bg5 h6 7. Bh4 g5 8. Bg3 Bg7 9. e3 O-O 10. Be2 c5 11. O-O cxd4 12. Nxd4 Nxc3 13. bxc3 e6 14. Bf3 Qc8 15. Nb5 Bxf3 16. Qxf3 Na6 17. Rad1 Qc4 18. Nd6 Qxc3 19. h4 Nc5 20. hxg5 hxg5 21. Qh5 Qf6 22. e4 Qg6 23. Qf3 g4 24. Qe2 Na4 25. Rd3 Rad8 26. e5 Qh5 27. Rfd1 Rd7 28. Qe3 Rc7 29. Ne4 Nb2 30. Nf6+ Bxf6 31. exf6 Nxd1 32. Rxd1 Rc5 33. Qf4 Rf5 34. Qd4 Qg5 35. Qd6 Qxf6 36. Qc7 a5 37. Qxb6 Re8 38. Qc6 Rf8 39. Qc4 Qg6 40. Rd4 Rg5 41. Bh4 Qb1+ 42. Kh2 Rg6 43. Rxg4 Qf5 44. Rxg6+ Qxg6 45. Bg3 Qf5 46. f3 Rd8 0-1

[Event "Titled Tuesday intern op 21st Dec"]
[Site "Chess.com INT"]
[Date "2021.12.21"]
[Round "6"]
[White "Itkis, Boris"]
[Black "Fabris, Alberto"]
[Result "1/2-1/2"]
[WhiteElo "2343"]
[BlackElo "2230"]
[PlyCount "166"]
[EventDate "2021.12.21"]
[EventType "swiss (blitz)"]
[EventRounds "11"]
[EventCountry "USA"]
[SourceTitle "CBM 205 Extra"]
[Source "ChessBase"]
[SourceDate "2022.01.31"]
[SourceVersion "1"]
[SourceVersionDate "2022.01.31"]
[SourceQuality "1"]

1. c4 e5 2. Nc3 Nf6 3. Nf3 Nc6 4. e4 Bc5 5. Nxe5 Nxe5 6. d4 Nxe4 7. Nxe4 Bb4+ 8. Bd2 Bxd2+ 9. Qxd2 Ng6 10. Bd3 d5 11. Nc3 dxc4 12. Bxc4 Qe7+ 13. Qe3 Qxe3+ 14. fxe3 c6 15. O-O-O O-O 16. Rhe1 Re8 17. e4 Nf4 18. g3 Ne6 19. d5 Ng5 20. dxc6 bxc6 21. h4 Nf3 22. Rf1 Ne5 23. Bb3 Be6 24. Bxe6 Rxe6 25. Na4 Nc4 26. Rd7 Rf8 27. b3 Ne3 28. Re1 Nf5 29. Nc5 Re5 30. Nd3 Re7 31. Rxe7 Nxe7 32. Nb4 Rd8 33. Rd1 Rxd1+ 34. Kxd1 Kf8 35. Ke2 Ke8 36. Ke3 Kd7 37. Kd4 Kd6 38. e5+ Ke6 39. Nd3 Nf5+ 40. Ke4 Nxg3+ 41. Kf4 Ne2+ 42. Ke3 Nc3 43. a3 a5 44. Kd4 Ne2+ 45. Ke3 Ng3 46. Kf4 Ne2+ 47. Ke3 Nc3 48. Kd4 Nb5+ 49. Kc5 Nxa3 50. Kxc6 f5 51. exf6 gxf6 52. Kb6 f5 53. Kxa5 Kd5 54. Kb4 Nc2+ 55. Kc3 Ne3 56. b4 Ke4 57. b5 f4 58. Nf2+ Kf3 59. Nd3 Kg3 60. Kd4 Nf5+ 61. Ke4 Nd6+ 62. Kd5 Nxb5 63. Ke4 Nc3+ 64. Kf5 f3 65. Kg5 Ne4+ 66. Kh6 Nf6 67. h5 Kg4 68. Kg7 Kg5 69. h6 Ng4 70. Kxh7 Nxh6 71. Kg7 Nf5+ 72. Kf7 Nd4 73. Ke7 Kf5 74. Kd6 Ke4 75. Nf2+ Ke3 76. Ng4+ Ke2 77. Ke5 Nc2 78. Kf4 Ne1 79. Kg3 Nd3 80. Kh2 Kf1 81. Kg3 Ke2 82. Kh2 Ne1 83. Kg3 Nd3 1/2-1/2

[Event "Titled Tuesday intern op 21st Dec"]
[Site "Chess.com INT"]
[Date "2021.12.21"]
[Round "6"]
[White "Jary, Sergey"]
[Black "Martin, Lewis"]
[Result "1/2-1/2"]
[WhiteElo "2275"]
[BlackElo "2196"]
[PlyCount "171"]
[EventDate "2021.12.21"]
[EventType "swiss (blitz)"]
[EventRounds "11"]
[EventCountry "USA"]
[SourceTitle "CBM 205 Extra"]
[Source "ChessBase"]
[SourceDate "2022.01.31"]
[SourceVersion "1"]
[SourceVersionDate "2022.01.31"]
[SourceQuality "1"]

1. e4 c5 2. Nf3 d6 3. d4 cxd4 4. Nxd4 Nf6 5. f3 a6 6. c4 e6 7. Nc3 Nc6 8. Be3 Be7 9. Qd2 Bd7 10. Be2 O-O 11. Rc1 Rc8 12. O-O Re8 13. Rfd1 Bf8 14. a3 Ne7 15. b4 Ng6 16. Nb3 Qc7 17. Qd4 Red8 18. g3 Bc6 19. Kg2 Qb8 20. Na5 d5 21. cxd5 exd5 22. exd5 Bxd5 23. Nxd5 Rxd5 24. Qb2 Re8 25. Bf2 Rde5 26. Bf1 Nd5 27. Nc4 Rg5 28. Qd2 Nh4+ 29. Kh1 Nxf3 30. Qd3 Nxh2 31. Kxh2 Nf6 32. Be2 Qc8 33. Ne3 Qe6 34. Rc4 Re5 35. Rh4 h6 36. Rc1 Rxe3 37. Bxe3 Qxe3 38. Qxe3 Rxe3 39. Bf1 Rxa3 40. Bg2 Rb3 41. Bxb7 Rxb4 42. Rxb4 Bxb4 43. Bxa6 Bd2 44. Rd1 Bg5 45. Bc4 g6 46. Rd8+ Kg7 47. Ra8 Ng4+ 48. Kg1 Ne5 49. Bd5 h5 50. Kg2 Bf6 51. Be4 Bg5 52. Ra5 f6 53. Rb5 Kh6 54. Rb7 Be3 55. Rb5 Kg5 56. Rd5 h4 57. gxh4+ Kxh4 58. Rd6 Kg5 59. Ra6 Bd4 60. Bf3 Nxf3 61. Kxf3 Be5 62. Rb6 Kf5 63. Rb5 g5 64. Ra5 g4+ 65. Kg2 Ke4 66. Ra4+ Bd4 67. Ra8 f5 68. Re8+ Kf4 69. Rf8 Be3 70. Re8 Bd2 71. Rd8 Be3 72. Re8 Bd4 73. Rd8 Ke4 74. Rc8 f4 75. Re8+ Be5 76. Kf1 f3 77. Kf2 Kf4 78. Rf8+ Kg5 79. Rg8+ Kf5 80. Rf8+ Ke4 81. Re8 g3+ 82. Kf1 Kf4 83. Rg8 Bd4 84. Rg6 g2+ 85. Rxg2 fxg2+ 86. Kxg2 1/2-1/2